00365 a2200109 4500001001000000005001700010008004100027245007100068100002500139773007400164999001700238ART_1068820260410161831.0260409a 10aLa Argentina frente al Acuerdo de Libre Comercio de las Américas1 aJacobo, Alejandro D.0 tActualidad Económicag- Año XIV, Nº 55 (ene./dic. 2004)wREV5083 c23203d23203